Ranganathanism & knowledge society : (Record no. 75172)

MARC details
000 -LEADER
fixed length control field 00685nam a22001937a 4500
005 - DATE AND TIME OF LATEST TRANSACTION
control field 20130508112120.0
010 ## - LCCN (DPL NO)
LC control number ENG-106997
020 ## - INTERNATIONAL STANDARD BOOK NUMBER
International Standard Book Number 9788170006534
Terms of availability 2050.00
035 ## - SYSTEM CONTROL NUMBER
System control number EN-90530
037 ## - SOURCE OF ACQUISITION
Source of stock number/acquisition DBAD/PUB
082 ## - DEWEY DECIMAL CLASSIFICATION NUMBER
Classification number 020
245 ## - TITLE STATEMENT
Title Ranganathanism & knowledge society :
Remainder of title relevance of Dr. S.R. Ranganathan in the present day knowledge society and other essays / /
Statement of responsibility, etc edited by N.R. Satyanarayana
260 ## - PUBLICATION, DISTRIBUTION, ETC. (IMPRINT)
Place of publication, distribution, etc New Delhi
Name of publisher, distributor, etc ESS ESS Publications
Date of publication, distribution, etc 2011
270 ## - ADDRESS
Address 4837/24, Ansari Road, Daryaganj
City New Delhi
Postal code 110002
300 ## - PHYSICAL DESCRIPTION
Extent xviii, 714p.:
Other physical details ill.
Dimensions 23cm(Hb)
500 ## - GENERAL NOTE
General note Includes index
700 ## - ADDED ENTRY--PERSONAL NAME
Personal name Satyanarayana, N.R.
942 ## - ADDED ENTRY ELEMENTS (KOHA)
Source of classification or shelving scheme Dewey Decimal Classification
Item type English Books
Classification part 020
Call number suffix RAN
Holdings
Withdrawn status Lost status Not for loan Collection code Home library Current library Date acquired Source of acquisition Cost, normal purchase price Full call number Barcode Copy number Cost, replacement price Koha item type
    Not For Loan Non-fiction D.B.Act.Division D.B.Act.Division 07/05/2013 DBAD/PUB 2050.00 020 RAN EN-90530 1 2050.00 English Books

© Delhi Public Library
Hit Counter
free hit counter